000 00597nam a2200241 a 4500
001 nice12345678
003 IN_TiNIC
005 20260116012918.0
008 050524s1987 dela grp 000 0 eng
020 _a8120760
_c60
082 0 0 _a305.480297
_bENG
100 _aEngineer, Asghar Ali
245 _aStatus of Women in Islam
260 _aDelhi
_bSterling Publishers
_c1987
300 _a128p
500 _aincludes index and biblioraphy
505 2 _aIndex
650 _aWomen in Islam
700 1 _aEngineer, Asghar Ali
902 _bSRS
942 _cBK
999 _c8864
_d8864